00797nam a2200229 a 4500008004100000020003200041040002500073041001300098044001100111080001000122100002400132245010000156250001300256260007800269300002800347490001900375700002700394700002700421958000600448999001700454952009600471951122s1986||||[C 0 slo c c21 Kčs. q(50000 výtl.) aSNKbslocSNKeAACR21 aslohfre axocSK a840-31 aDruon, Maurice4aut10aPrekliati králi. /Zv./ 4bZákon mužovcMaurice Druon ; Mária Kosová, Ján Krížik a3., vyd. aBratislavabSlovenský spisovateľc1986eNitrafNitrianske tlačiarne a219 s., 15,40 AHc20 cm0 aRetrovZv. 42.1 aKosová, Mária4trl1 aKrížik, Ján4bkd aA c10316d10316 001040708Ka10000b10000d2019-11-29g21.00i09707oB 3888r2019-11-29w2019-11-29yKLDO